[Event "GER-ch52 V10 email"]
[Site "GER email"]
[Date "2020.04.16"]
[Round "?"]
[White "Voetter, Hans Dieter"]
[Black "Koestner, Wolfgang"]
[Result "0-1"]
[WhiteElo "2073"]
[BlackElo "2366"]
[PlyCount "52"]
[EventDate "2020.??.??"]
[EventType "tourn (corr)"]
[EventRounds "10"]
[EventCountry "GER"]
[SourceTitle "Corr 2022"]
[Source "ChessBase"]
[SourceDate "2021.10.24"]
[SourceVersion "1"]
[SourceVersionDate "2021.10.24"]
[SourceQuality "1"]

1. c4 g6 2. Nc3 Bg7 3. g3 e5 4. Bg2 d6 5. e4 Ne7 6. Nge2 0-0 7. 0-0 Be6 8. d3 Qd7 9. Rb1 c5 10. b4 cxb4 11. Rxb4 Na6 12. Rb2 Nc6 13. f4 Nc5 14. Kh1 f5 15. Nd5 fxe4 16. dxe4 Rae8 17. Rb1 exf4 18. Nexf4 Bg4 19. Bf3 Bxf3+ 20. Rxf3 Ne5 21. Qe2 Nxf3 22. Qxf3 g5 23. Qh5 Nxe4 24. Nd3 Qf5 25. Ne3 Nf2+ 26. Nxf2 Qxb1 0-1

[Event "GER-ch52 V10 email"]
[Site "GER email"]
[Date "2020.04.16"]
[Round "?"]
[White "Voetter, Hans Dieter"]
[Black "Mislin, Roger"]
[Result "0-1"]
[WhiteElo "2073"]
[BlackElo "2317"]
[PlyCount "72"]
[EventDate "2020.??.??"]
[EventType "tourn (corr)"]
[EventRounds "10"]
[EventCountry "GER"]
[SourceTitle "Corr 2022"]
[Source "ChessBase"]
[SourceDate "2021.10.24"]
[SourceVersion "1"]
[SourceVersionDate "2021.10.24"]
[SourceQuality "1"]

1. c4 Nf6 2. Nc3 d5 3. cxd5 Nxd5 4. g3 c5 5. Bg2 Nc7 6. Nf3 Nc6 7. 0-0 e5 8. d3 Be7 9. Nd2 Bd7 10. a4 0-0 11. Nc4 f6 12. Qb3 Nd4 13. Qxb7 Bc6 14. Bxc6 Rb8 15. Qxb8 Qxb8 16. Bg2 Qd8 17. b3 Qd7 18. Rb1 Rd8 19. Be3 Na6 20. Rfd1 h5 21. Bxd4 cxd4 22. Ne4 Nb4 23. Rb2 f5 24. Ned2 Bf6 25. Nf1 g6 26. Bf3 h4 27. Kh1 h3 28. Kg1 Re8 29. e3 e4 30. Be2 exd3 31. Bxd3 Qc6 32. f3 Qxf3 33. Rdd2 dxe3 34. Ncxe3 Nxd3 35. Rbc2 Rxe3 36. Nxe3 Qxe3+ 0-1

[Event "GER-ch52 V10 email"]
[Site "GER email"]
[Date "2020.04.16"]
[Round "?"]
[White "Voetter, Hans Dieter"]
[Black "Schmidt, Joerg"]
[Result "0-1"]
[WhiteElo "2073"]
[BlackElo "2399"]
[PlyCount "42"]
[EventDate "2020.??.??"]
[EventType "tourn (corr)"]
[EventRounds "10"]
[EventCountry "GER"]
[SourceTitle "Corr 2022"]
[Source "ChessBase"]
[SourceDate "2021.10.24"]
[SourceVersion "1"]
[SourceVersionDate "2021.10.24"]
[SourceQuality "1"]

1. c4 e5 2. Nc3 Nf6 3. g3 Bb4 4. e3 Bxc3 5. bxc3 d6 6. Bg2 Be6 7. d3 e4 8. Ne2 0-0 9. 0-0 Nbd7 10. Nf4 Qe8 11. f3 exd3 12. Qxd3 Ne5 13. Qc2 Bxc4 14. Rd1 Qc6 15. e4 Rfe8 16. h4 d5 17. exd5 Nxd5 18. Qf5 Nxc3 19. Re1 Nxf3+ 20. Bxf3 Qxf3 21. Qc5 Rxe1+ 0-1